000 00448nam a2200157 i 4500
001 41875
003 ES-MaACL
005 20230906160516.0
007 t|
008 030312s1944 sp ||||1| spa d
100 1 _aCasas, Augusto.
_936186
245 1 3 _aEl Papa Luna /
_cAugusto Casas.
260 _aBarcelona :
_bLuis Miracle,
_c[1944] (
_fAgustín Núñez)
300 _a433 p., 12 lám. :
_bil. ;
_c22 cm.
852 _aES-MaACL
_jF-16223
_bR.21168
999 _c41875
_d41875